00646nam a2200193Ia 4500008004100000020001500041082001600056100003900072245004900111250000800160260004200168300002800210500001900238600002700257650001500284942000700299952013100306999001500437240925s9999 xx 000 0 und d a8178085593 a621.395 TOC aTocci, Ronald J.; Widmer, Neal S. 0aDigital Systems: principles and applications a8th aSingapore:bPearson educationc,2001. aliv,519p.bNAfOriginal aIncludes Index aElectronic Engineering aTechnology cBK 001040708ELaUITUbUITUd2006-09-29eKhaliq book Binderg650.00l0o621.395 TOCpQ6749r2024-09-25 07:14:21w2024-09-25yBK c9248d9248